[Event "12.PSF-B"]
[Site "Prague"]
[Date "2016.06.23"]
[Round "6.11"]
[White "Engel, Tomas"]
[Black "Sebek, Pavel"]
[Result "1/2-1/2"]
[WhiteElo "1469"]
[BlackElo "1612"]
[PlyCount "95"]
[EventDate "2016.06.25"]
[EventType "swiss"]
[EventRounds "9"]
[EventCountry "CZE"]

1. e4 c5 2. Nf3 Nc6 3. d4 cxd4 4. Nxd4 a6 5. Nc3 e6 6. Bd3 Nxd4 7. O-O Be7 8.
e5 Nc6 9. Qg4 g6 10. f4 Nh6 11. Qh3 Nf5 12. g4 Qb6+ 13. Kh1 Ng7 14. Ne4 Kd8 15.
Ng5 Bxg5 16. fxg5 Ke7 17. Qf3 Rf8 18. Qf6+ Ke8 19. Be3 Qxe3 20. Rae1 Qd4 21.
Re4 Qd5 22. Qxg7 Nxe5 23. Qxe5 Qxe5 24. Rxe5 d6 25. Re3 Bd7 26. Be4 Bc6 27.
Bxc6+ bxc6 28. Rc3 c5 29. Rh3 Rh8 30. c4 Rb8 31. b3 Kf8 32. Rd3 Rb6 33. Rdf3
Rb7 34. Rd3 Rd7 35. Re3 Kg7 36. Kg2 h6 37. h4 hxg5 38. hxg5 Rf8 39. Rf6 Re8 40.
Kf3 e5 41. Re2 Re6 42. Rxe6 fxe6 43. Kg3 Kf8 44. Rf2+ Rf7 45. Re2 Ke7 46. Re1
Rf4 47. Re2 Rf1 48. Kg2 1/2-1/2

[Event "12.PSF-B"]
[Site "Prague"]
[Date "2016.06.23"]
[Round "6.12"]
[White "Zacek, Petr"]
[Black "Novotny, Josef"]
[Result "0-1"]
[WhiteElo "1584"]
[BlackElo "1523"]
[PlyCount "102"]
[EventDate "2016.06.25"]
[EventType "swiss"]
[EventRounds "9"]
[EventCountry "CZE"]

1. e4 c5 2. Nf3 e6 3. d4 cxd4 4. Nxd4 a6 5. Nc3 Qc7 6. Be2 Nf6 7. O-O Nc6 8.
Bg5 Be7 9. Qd2 O-O 10. f4 Nxd4 11. Qxd4 Bc5 12. Bxf6 Bxd4+ 13. Bxd4 d6 14. Bd3
b5 15. Rf3 Bb7 16. Rg3 f6 17. Rf1 e5 18. Be3 b4 19. Nd5 Bxd5 20. exd5 Qa5 21.
Rh3 g6 22. Bc4 Rae8 23. f5 Rc8 24. Bb3 Rf7 25. fxg6 hxg6 26. Rh6 Kg7 27. Rf3
Rh8 28. Rfh3 Rxh6 29. Bxh6+ Kg8 30. Rg3 g5 31. h4 Kh7 32. hxg5 fxg5 33. Bxg5
Qc5+ 34. Be3 Qb5 35. Rh3+ Kg8 36. Rg3+ Kf8 37. Bh6+ Ke7 38. Kh2 Rh7 39. Rh3 Kf7
40. c4 bxc3 41. Bc2 Rh8 42. Bf5 cxb2 43. Bb1 Qxd5 44. Rf3+ Qxf3 45. gxf3 Rxh6+
46. Kg2 Rh8 47. Be4 Rc8 48. Kf2 Rc1 49. Ke2 b1=Q 50. Bxb1 Rxb1 51. a3 Ra1 0-1

[Event "12.PSF-B"]
[Site "Prague"]
[Date "2016.06.23"]
[Round "6.13"]
[White "Lhotska, Anna"]
[Black "Zednik, Petr"]
[Result "1-0"]
[WhiteElo "1461"]
[BlackElo "1563"]
[PlyCount "59"]
[EventDate "2016.06.25"]
[EventType "swiss"]
[EventRounds "9"]
[EventCountry "CZE"]

1. e4 e5 2. Nf3 Nc6 3. Nc3 Nf6 4. d4 exd4 5. Nxd4 Bc5 6. Be3 Bb6 7. Bc4 Ne5 8.
Bb3 O-O 9. O-O d6 10. f4 Neg4 11. Bf2 Nh5 12. h3 Nxf2 13. Rxf2 Qh4 14. Nd5 Ng3
15. Nxb6 Nxe4 16. Re2 Ng3 17. Re3 axb6 18. Qe1 Qxf4 19. Nb5 Nh5 20. Nxc7 Ra5
21. Rf3 Qd4+ 22. Kh1 Re5 23. Qf2 Qxf2 24. Rxf2 Nf6 25. Rd1 Ne4 26. Rf3 Rf5 27.
Rxf5 Bxf5 28. Kg1 Rd8 29. Nd5 b5 30. Ne7+ 1-0

[Event "12.PSF-B"]
[Site "Prague"]
[Date "2016.06.23"]
[Round "6.14"]
[White "Hosova, Sandra"]
[Black "Zubek, Rudolf"]
[Result "1-0"]
[WhiteElo "1080"]
[BlackElo "1423"]
[PlyCount "53"]
[EventDate "2016.06.25"]
[EventType "swiss"]
[EventRounds "9"]
[EventCountry "CZE"]

1. e4 c5 2. Nf3 d6 3. Bc4 Nc6 4. Nc3 a6 5. d3 e6 6. Bf4 Be7 7. e5 b5 8. Bb3 b4
9. Ne4 d5 10. Ng3 Na5 11. Ba4+ Bd7 12. Bxd7+ Kxd7 13. c3 Qc7 14. Qa4+ Nc6 15.
c4 d4 16. Ne4 Nh6 17. a3 a5 18. Qb5 Rhb8 19. Qa4 b3 20. Bg5 Ng8 21. Bxe7 Ngxe7
22. Nxc5+ Kc8 23. Ng5 Qxe5+ 24. Nce4 Rb4 25. axb4 Nxb4 26. Qxb3 Qf5 27. Nd6+
1-0

[Event "12.PSF-B"]
[Site "Prague"]
[Date "2016.06.23"]
[Round "6.15"]
[White "Rous, Dominik"]
[Black "Vavrova, Jirina"]
[Result "1-0"]
[WhiteElo "1224"]
[BlackElo "1051"]
[PlyCount "137"]
[EventDate "2016.06.25"]
[EventType "swiss"]
[EventRounds "9"]
[EventCountry "CZE"]

1. e4 Nf6 2. Nc3 b6 3. d3 Bb7 4. Bg5 e6 5. e5 Be7 6. exf6 gxf6 7. Bd2 Bb4 8. a3
Bxc3 9. Bxc3 Qe7 10. Qg4 Rf8 11. Qg7 Nc6 12. Qxf6 O-O-O 13. Qxe7 Nxe7 14. Bb4
d6 15. Nf3 Rg8 16. O-O-O Nc6 17. Bc3 Rde8 18. Nd4 e5 19. Nxc6 Bxc6 20. Rg1 Rg7
21. g3 Reg8 22. Bg2 Bb7 23. Bxb7+ Kxb7 24. Rg2 Rg5 25. h4 Rg4 26. Rdg1 f5 27.
f3 R4g6 28. Kd2 h6 29. Ke2 Re8 30. Kf2 Rge6 31. Re1 d5 32. d4 e4 33. fxe4 fxe4
34. Ke3 Rf8 35. Rf2 Rg8 36. Rg1 Reg6 37. Rfg2 Rf6 38. Be1 Rf3+ 39. Ke2 Rgf8 40.
Rf2 c5 41. dxc5 bxc5 42. Rxf3 exf3+ 43. Kf2 Kc6 44. Bd2 h5 45. g4 hxg4 46. Rxg4
Rf5 47. Bf4 d4 48. Kxf3 Rd5 49. Ke4 Rd7 50. h5 Re7+ 51. Kd3 Re1 52. Rh4 Rd1+
53. Bd2 Rf1 54. h6 Rf3+ 55. Ke2 Rf8 56. h7 Re8+ 57. Kd3 Rh8 58. Bg5 Kb5 59. Bf6
c4+ 60. Kxd4 Rd8+ 61. Bxd8 a5 62. h8=R a4 63. R4h5+ Kc6 64. R8h6+ Kd7 65. Rg5
c3 66. Rg7+ Kc8 67. bxc3 Kb8 68. Ba5 Ka8 69. Rh8# 1-0

[Event "12.PSF-B"]
[Site "Prague"]
[Date "2016.06.24"]
[Round "7.1"]
[White "Novy, Filip"]
[Black "Magsumov, Rinat"]
[Result "1/2-1/2"]
[WhiteElo "1966"]
[BlackElo "1599"]
[PlyCount "47"]
[EventDate "2016.06.25"]
[EventType "swiss"]
[EventRounds "9"]
[EventCountry "CZE"]

1. e4 e6 2. d4 d5 3. Nc3 dxe4 4. Nxe4 Bd7 5. Nf3 Bc6 6. Bd3 Nd7 7. O-O Ngf6 8.
Qe2 Be7 9. c4 Nxe4 10. Bxe4 Bxe4 11. Qxe4 c6 12. Bd2 O-O 13. Bc3 Nf6 14. Qe3
Qc7 15. Rad1 Rad8 16. Rfe1 Rfe8 17. Kh1 Bd6 18. Ne5 Bxe5 19. dxe5 Ng4 20. Qe2
Nh6 21. b4 Kh8 22. Bd2 Ng8 23. Qe3 c5 24. Bc3 1/2-1/2

[Event "12.PSF-B"]
[Site "Prague"]
[Date "2016.06.24"]
[Round "7.2"]
[White "Rousek, Jan"]
[Black "Koper, Stefan"]
[Result "0-1"]
[WhiteElo "1421"]
[BlackElo "1872"]
[PlyCount "68"]
[EventDate "2016.06.25"]
[EventType "swiss"]
[EventRounds "9"]
[EventCountry "CZE"]

1. d4 g6 2. c4 Bg7 3. Nc3 d6 4. Nf3 Bg4 5. e3 c6 6. Be2 Nd7 7. O-O Ngf6 8. b3
O-O 9. Bb2 a6 10. Qd2 c5 11. Rac1 Rb8 12. Rfd1 b6 13. h3 Bxf3 14. Bxf3 Qc7 15.
Rc2 b5 16. cxb5 axb5 17. Rdc1 Rfd8 18. Qe2 Qa5 19. a3 b4 20. axb4 Qxb4 21. Nd5
Nxd5 22. Bxd5 e6 23. Bc4 d5 24. Bd3 cxd4 25. Bxd4 Bxd4 26. exd4 Qxd4 27. Rc3
Rb4 28. Bb5 Nf6 29. Ba4 Nh5 30. Rc8 Rxc8 31. Rxc8+ Kg7 32. Rc7 Qa1+ 33. Kh2 Re4
34. Qf3 Qe5+ 0-1

[Event "12.PSF-B"]
[Site "Prague"]
[Date "2016.06.24"]
[Round "7.3"]
[White "Korsinskij, Nikolas"]
[Black "Kalvach, Ladislav"]
[Result "0-1"]
[WhiteElo "1408"]
[BlackElo "1777"]
[PlyCount "24"]
[EventDate "2016.06.25"]
[EventType "swiss"]
[EventRounds "9"]
[EventCountry "CZE"]

1. e4 c5 2. Nf3 a6 3. d4 cxd4 4. Nxd4 e5 5. Nf3 Nf6 6. Nc3 Bb4 7. Bg5 Qa5 8.
Bd2 Qc7 9. a3 Bc5 10. Bg5 Qb6 11. Bxf6 Bxf2+ 12. Ke2 Qe3# 0-1

[Event "12.PSF-B"]
[Site "Prague"]
[Date "2016.06.24"]
[Round "7.4"]
[White "Krnak, Vladimir"]
[Black "Kuhnmund, Ivan"]
[Result "0-1"]
[WhiteElo "1720"]
[BlackElo "1703"]
[PlyCount "110"]
[EventDate "2016.06.25"]
[EventType "swiss"]
[EventRounds "9"]
[EventCountry "CZE"]

1. d4 Nf6 2. Nf3 e6 3. c4 b6 4. Bg5 Bb7 5. Nc3 Be7 6. Rc1 Ne4 7. Nxe4 Bxe4 8.
Bxe7 Qxe7 9. Nd2 Bg6 10. g3 a5 11. Bg2 Ra7 12. O-O O-O 13. a3 d6 14. Re1 c5 15.
d5 e5 16. e4 Nd7 17. Nb1 f5 18. exf5 Bxf5 19. Nc3 Nf6 20. h3 Qd7 21. Kh2 Qf7
22. Qd2 Re7 23. Re3 Qh5 24. f3 Qh6 25. Re2 Qg6 26. Na4 Rb7 27. Qe1 Qh6 28. Rc3
Rbb8 29. Rb3 Nd7 30. Qd2 Qf6 31. g4 Bg6 32. Nc3 Qf4+ 33. Qxf4 Rxf4 34. Nb5 Rxc4
35. Rd2 Rd4 36. Rf2 Rxd5 37. f4 Rd1 38. Bf3 Rd3 39. Rc3 Rxc3 40. bxc3 e4 41. f5
Bxf5 42. gxf5 exf3 43. Nxd6 Ne5 44. Rb2 Kf8 45. Kg3 Ke7 46. Rxb6 Rxb6 47. Nc8+
Kf6 48. Nxb6 Kxf5 49. Na4 c4 50. Nc5 g5 51. a4 h5 52. Nb7 Ke4 53. Nxa5 Ke3 54.
Nb7 f2 55. Kg2 Ke2 0-1

[Event "12.PSF-B"]
[Site "Prague"]
[Date "2016.06.24"]
[Round "7.5"]
[White "Fiala, Jiri"]
[Black "Rimovsky, Pavel"]
[Result "1/2-1/2"]
[WhiteElo "1934"]
[BlackElo "1422"]
[PlyCount "54"]
[EventDate "2016.06.25"]
[EventType "swiss"]
[EventRounds "9"]
[EventCountry "CZE"]

1. d4 Nf6 2. Nf3 g6 3. c4 d6 4. Nc3 c6 5. e4 Bg7 6. h3 h6 7. Be3 O-O 8. Qd2 Qa5
9. Bd3 Kh7 10. g4 Ne8 11. Ke2 e5 12. d5 Na6 13. a3 cxd5 14. b4 Qd8 15. Nxd5
Nac7 16. Rag1 Nxd5 17. cxd5 Qe7 18. g5 h5 19. Ne1 Nc7 20. Nc2 Bd7 21. Rb1 b5
22. Na1 f5 23. gxf6 Qxf6 24. Rbg1 Qf3+ 25. Ke1 h4 26. Rh2 Be8 27. Qc2 Qf7 {
Lusti se to cim dal hur, kaslu na to, remis v 51.tahu} 1/2-1/2

[Event "12.PSF-B"]
[Site "Prague"]
[Date "2016.06.24"]
[Round "7.6"]
[White "Schoppe, Christian"]
[Black "Kosar, Milan"]
[Result "0-1"]
[WhiteElo "1633"]
[BlackElo "1668"]
[PlyCount "72"]
[EventDate "2016.06.25"]
[EventType "swiss"]
[EventRounds "9"]
[EventCountry "CZE"]

1. f4 c5 2. Nf3 Nf6 3. d3 g6 4. c3 Bg7 5. e3 d6 6. Bd2 Qb6 7. b3 O-O 8. a4 Be6
9. Ra3 Nc6 10. Be2 a5 11. O-O Nd5 12. Kh1 f5 13. Ng5 Bd7 14. e4 Nf6 15. exf5
Bxf5 16. g4 Bd7 17. f5 Ne5 18. h3 Qc6+ 19. Kh2 h6 20. Ne6 Bxe6 21. fxe6 g5 22.
d4 cxd4 23. cxd4 Ng6 24. Nc3 d5 25. Nb5 Qxe6 26. Nc7 Qd6+ 27. Kh1 Qxc7 28. Bf3
Qg3 29. Bg2 Nh4 30. Qe2 Qxg2+ 31. Qxg2 Nxg2 32. Kxg2 b6 33. Re1 Ne4 34. Be3
Rac8 35. Raa1 Rc2+ 36. Kg1 Rf3 0-1

[Event "12.PSF-B"]
[Site "Prague"]
[Date "2016.06.24"]
[Round "7.7"]
[White "Vitek, Jan"]
[Black "Husa, Daniel"]
[Result "1/2-1/2"]
[WhiteElo "1775"]
[BlackElo "1392"]
[PlyCount "43"]
[EventDate "2016.06.25"]
[EventType "swiss"]
[EventRounds "9"]
[EventCountry "CZE"]

1. e4 e6 2. d4 d5 3. e5 c5 4. c3 Nc6 5. Nf3 Qb6 6. Bd3 Bd7 7. O-O cxd4 8. cxd4
Nxd4 9. Nxd4 Qxd4 10. Nc3 Qxe5 11. Re1 Qd6 12. Qf3 Be7 13. Bb5 Bxb5 14. Nxb5
Qc6 15. Nd4 Qb6 16. Be3 Bc5 17. Qg4 Kf8 18. b4 Be7 19. Rac1 Nf6 20. Qe2 Qd8 21.
Rc2 a6 22. Bf4 1/2-1/2

[Event "12.PSF-B"]
[Site "Prague"]
[Date "2016.06.24"]
[Round "7.8"]
[White "Kucera, Josef"]
[Black "Lhotska, Anna"]
[Result "1-0"]
[WhiteElo "1739"]
[BlackElo "1461"]
[PlyCount "83"]
[EventDate "2016.06.25"]
[EventType "swiss"]
[EventRounds "9"]
[EventCountry "CZE"]

1. Nf3 d5 2. g3 Nf6 3. Bg2 g6 4. b3 Bg7 5. Bb2 O-O 6. O-O Bf5 7. d3 Nbd7 8.
Nbd2 Re8 9. Nh4 Bg4 10. h3 Be6 11. c4 c6 12. Qc2 Rc8 13. e4 Nc5 14. Rae1 dxc4
15. d4 Nd3 16. Rd1 Nxb2 17. Qxb2 cxb3 18. Nxb3 Rc7 19. Nc5 Bc4 20. Rfe1 b6 21.
Nd3 Bxd3 22. Rxd3 Rd7 23. Nf3 c5 24. Ne5 Rd6 25. Qb3 e6 26. dxc5 bxc5 27. Red1
Rxd3 28. Rxd3 Qb6 29. Qa4 Rc8 30. Nc4 Qb4 31. Qa6 Qb1+ 32. Bf1 Qb8 33. Rb3 Qa8
34. Rb7 Rb8 35. Rxa7 Qxe4 36. Nd6 Qe1 37. Rxf7 Qb4 38. Qa7 Bf8 39. Rxf6 Bxd6
40. Qf7+ Kh8 41. Qxe6 Qd4 42. Qxd6 1-0

[Event "12.PSF-B"]
[Site "Prague"]
[Date "2016.06.24"]
[Round "7.9"]
[White "Bara, Josef"]
[Black "Ruzicka, Vaclav"]
[Result "0-1"]
[WhiteElo "1437"]
[BlackElo "1635"]
[PlyCount "94"]
[EventDate "2016.06.25"]
[EventType "swiss"]
[EventRounds "9"]
[EventCountry "CZE"]

1. d4 Nf6 2. c4 d6 3. Nc3 Nbd7 4. Nf3 e5 5. Bg5 Be7 6. e3 Ng8 7. Bxe7 Nxe7 8.
Qa4 c6 9. Qa3 exd4 10. exd4 Nf6 11. Be2 O-O 12. O-O Bg4 13. Qb3 Qd7 14. h3 Be6
15. Qc2 Bf5 16. Bd3 Bxd3 17. Qxd3 Ng6 18. Rfe1 Rfe8 19. Qd2 h6 20. b3 Qf5 21.
Rad1 Nf4 22. Re3 Rxe3 23. fxe3 Nxh3+ 24. gxh3 Qxf3 25. Kh2 Re8 26. Re1 Nh5 27.
Qg2 Rxe3 28. Qxf3 Rxf3 29. Re8+ Kh7 30. Ne4 d5 31. cxd5 cxd5 32. Nd6 b6 33. Re5
Nf6 34. Kg2 Rd3 35. Nxf7 Rxd4 36. Kg3 Ne4+ 37. Kf3 Kg6 38. Re7 a5 39. Rb7 Kf6
40. Nd8 Ng5+ 41. Ke3 Re4+ 42. Kd3 Nxh3 43. Rxb6+ Kf5 44. Rb5 Nf4+ 45. Kc2 h5
46. Nc6 h4 47. Ne7+ Rxe7 0-1

[Event "12.PSF-B"]
[Site "Prague"]
[Date "2016.06.24"]
[Round "7.10"]
[White "Novotny, Josef"]
[Black "Zabehlicky, Jiri"]
[Result "1/2-1/2"]
[WhiteElo "1523"]
[BlackElo "1497"]
[PlyCount "66"]
[EventDate "2016.06.25"]
[EventType "swiss"]
[EventRounds "9"]
[EventCountry "CZE"]

1. Nf3 Nf6 2. c4 c5 3. d4 e6 4. g3 d5 5. cxd5 Nxd5 6. Bg2 Be7 7. O-O O-O 8. Nc3
Nxc3 9. bxc3 Nc6 10. Bf4 Bd6 11. Qc1 Qe7 12. Rb1 Rd8 13. Rd1 Rb8 14. e4 e5 15.
dxe5 Bc7 16. Qe3 Bg4 17. Rxd8+ Nxd8 18. Bg5 Qf8 19. Bxd8 Bxd8 20. Qf4 Bxf3 21.
Bxf3 Bc7 22. Qf5 Qe7 23. Rd1 Qxe5 24. Rd7 Qxf5 25. exf5 Be5 26. c4 f6 27. Bd5+
Kh8 28. Bxb7 Bd4 29. Kg2 h6 30. Bd5 Rb2 31. Rxa7 Rxf2+ 32. Kh3 Kh7 33. Bf7 Rxf5
1/2-1/2

[Event "12.PSF-B"]
[Site "Prague"]
[Date "2016.06.24"]
[Round "7.11"]
[White "Sebek, Pavel"]
[Black "Hosova, Sandra"]
[Result "1-0"]
[WhiteElo "1612"]
[BlackElo "1080"]
[PlyCount "73"]
[EventDate "2016.06.25"]
[EventType "swiss"]
[EventRounds "9"]
[EventCountry "CZE"]

1. e4 e5 2. c3 Nc6 3. Nf3 Nf6 4. d3 Bc5 5. h3 d6 6. Bg5 h6 7. Bh4 g5 8. Bg3 Be6
9. Qc2 d5 10. exd5 Nxd5 11. Nxe5 Nxe5 12. Bxe5 f6 13. Bg3 Qe7 14. Qe2 Qf7 15.
d4 Bb6 16. Nd2 Nf4 17. Bxf4 gxf4 18. d5 O-O-O 19. dxe6 Qg8 20. O-O-O Rd6 21.
Nc4 Rxe6 22. Nxb6+ Rxb6 23. Qg4+ f5 24. Qxf5+ Kb8 25. Qd7 a6 26. Qd5 Qe8 27.
Qd4 Rf8 28. Bc4 Qa4 29. Bb3 Qc6 30. f3 Qe8 31. Rhe1 Qg6 32. Re2 Rd6 33. Qe4 Qf6
34. Rxd6 Qxd6 35. Qe7 Qxe7 36. Rxe7 Rf5 37. Rg7 1-0

[Event "12.PSF-B"]
[Site "Prague"]
[Date "2016.06.24"]
[Round "7.12"]
[White "Plate, Marion Helga"]
[Black "Engel, Tomas"]
[Result "1-0"]
[WhiteElo "1276"]
[BlackElo "1469"]
[PlyCount "51"]
[EventDate "2016.06.25"]
[EventType "swiss"]
[EventRounds "9"]
[EventCountry "CZE"]

1. d4 Nf6 2. Bf4 g6 3. Nf3 Bg7 4. e3 O-O 5. c4 d6 6. h3 Nc6 7. Nc3 Re8 8. a3
Bd7 9. Be2 e5 10. dxe5 dxe5 11. Bh2 Bf5 12. g4 Qxd1+ 13. Rxd1 Be4 14. g5 Bxf3
15. Bxf3 Nh5 16. Nd5 Rac8 17. Bg4 Rcd8 18. O-O Rd6 19. c5 Rdd8 20. Nxc7 Rxd1
21. Rxd1 Re7 22. Nd5 Re8 23. b4 a6 24. Bd7 Rd8 25. Bxc6 bxc6 26. Ne7+ 1-0

[Event "12.PSF-B"]
[Site "Prague"]
[Date "2016.06.24"]
[Round "7.13"]
[White "Palla, Ivan"]
[Black "Zacek, Petr"]
[Result "1/2-1/2"]
[WhiteElo "1558"]
[BlackElo "1584"]
[PlyCount "49"]
[EventDate "2016.06.25"]
[EventType "swiss"]
[EventRounds "9"]
[EventCountry "CZE"]

1. Nf3 c5 2. c4 Nf6 3. d4 cxd4 4. Nxd4 d6 5. Nc3 a6 6. g3 Qc7 7. Bg2 e5 8. Nb3
Be6 9. Nd5 Nxd5 10. cxd5 Bf5 11. e4 Bg6 12. O-O Be7 13. h4 h6 14. Bd2 Nd7 15.
Rc1 Qd8 16. Na5 Rb8 17. b4 O-O 18. Be3 Nf6 19. f3 Nh5 20. Qe1 f5 21. exf5 Bxf5
22. g4 Bd3 23. gxh5 Bxf1 24. Qxf1 Bxh4 25. Bh3 1/2-1/2

[Event "12.PSF-B"]
[Site "Prague"]
[Date "2016.06.24"]
[Round "7.14"]
[White "Zednik, Petr"]
[Black "Rous, Dominik"]
[Result "1-0"]
[WhiteElo "1563"]
[BlackElo "1224"]
[PlyCount "47"]
[EventDate "2016.06.25"]
[EventType "swiss"]
[EventRounds "9"]
[EventCountry "CZE"]

1. e4 d6 2. d4 Nf6 3. Nc3 g6 4. Be2 Bg7 5. Nf3 Nc6 6. O-O O-O 7. Be3 e5 8. Qd2
Nd7 9. Rad1 Ne7 10. a3 f5 11. exf5 Nxf5 12. dxe5 Nxe5 13. h3 Nxe3 14. Qxe3
Nxf3+ 15. Bxf3 Qe8 16. Rfe1 Bf5 17. Qd2 Bxc3 18. Qxc3 Qd7 19. Bd5+ Rf7 20.
Bxf7+ Qxf7 21. Re3 Re8 22. Rde1 Rxe3 23. Rxe3 Kf8 24. Qh8+ 1-0

[Event "12.PSF-B"]
[Site "Prague"]
[Date "2016.06.24"]
[Round "7.15"]
[White "Vavrova, Jirina"]
[Black "Korsinskij, Marek"]
[Result "0-1"]
[WhiteElo "1051"]
[BlackElo "1378"]
[PlyCount "118"]
[EventDate "2016.06.25"]
[EventType "swiss"]
[EventRounds "9"]
[EventCountry "CZE"]

1. e4 c5 2. Nf3 e6 3. Ne5 Qc7 4. Nd3 c4 5. Qf3 cxd3 6. Bxd3 Nc6 7. Be2 Nd4 8.
Qc3 Nxc2+ 9. Kd1 Qxc3 10. Nxc3 Nxa1 11. b3 a6 12. Bb2 Nxb3 13. axb3 Nf6 14. d3
Bc5 15. Rf1 Ng4 16. Bxg4 O-O 17. Na4 Ba7 18. Ba3 Re8 19. Bb2 d5 20. e5 d4 21.
Bf3 Rb8 22. Ba3 Bd7 23. Nb2 Bc6 24. Bd6 Bxf3+ 25. gxf3 Rbc8 26. Nc4 b6 27. Ba3
Rc6 28. f4 b5 29. Nd2 Rec8 30. Ke2 Rc2 31. Bb4 Bc5 32. Ba5 Ra2 33. b4 Be7 34.
Rd1 g5 35. Kf3 gxf4 36. Kxf4 h6 37. Nb3 Rxf2+ 38. Kg3 Rcc2 39. Rg1 Rb2 40. Nxd4
Rfd2 41. Kh3+ Bg5 42. Bd8 Rxd3+ 43. Nf3 Rxf3+ 44. Kg4 Rf4+ 45. Kg3 Rb3+ 46. Kg2
Rg4+ 47. Kf2 Rxg1 48. Kxg1 Bxd8 49. Kg2 a5 50. bxa5 Bxa5 51. h4 b4 52. h5 Rb2+
53. Kf3 b3 54. Ke3 Rd2 55. Kf3 b2 56. Ke3 b1=Q 57. Kf3 Qf5+ 58. Ke3 Rd3+ 59.
Ke2 Qf3# 0-1

[Event "12.PSF-B"]
[Site "Prague"]
[Date "2016.06.25"]
[Round "8.1"]
[White "Magsumov, Rinat"]
[Black "Koper, Stefan"]
[Result "0-1"]
[WhiteElo "1599"]
[BlackElo "1872"]
[PlyCount "58"]
[EventDate "2016.06.25"]
[EventType "swiss"]
[EventRounds "9"]
[EventCountry "CZE"]

1. e4 g6 2. Bc4 Bg7 3. Nf3 c5 4. c3 e6 5. O-O Nc6 6. Re1 Nge7 7. a4 O-O 8. Na3
d5 9. exd5 exd5 10. Ba2 Nf5 11. d3 d4 12. Bg5 Bf6 13. Bxf6 Qxf6 14. Qd2 a6 15.
Ng5 Nd6 16. Nc4 Nxc4 17. Bxc4 Bf5 18. Qf4 h6 19. Ne4 Qg7 20. Nxc5 dxc3 21. bxc3
Qxc3 22. Qxh6 b5 23. Rac1 Qd4 24. Ba2 Nb4 25. Bb3 Rac8 26. Re3 Rxc5 27. Rce1
Qg7 28. Qh4 Nd5 29. Re5 Qxe5 0-1

[Event "12.PSF-B"]
[Site "Prague"]
[Date "2016.06.25"]
[Round "8.2"]
[White "Kuhnmund, Ivan"]
[Black "Kalvach, Ladislav"]
[Result "0-1"]
[WhiteElo "1703"]
[BlackElo "1777"]
[PlyCount "54"]
[EventDate "2016.06.25"]
[EventType "swiss"]
[EventRounds "9"]
[EventCountry "CZE"]

1. e4 c5 2. Nf3 a6 3. c4 Nc6 4. d4 cxd4 5. Nxd4 e6 6. Nc3 Bb4 7. Be2 Nf6 8.
Nxc6 bxc6 9. Qd4 d6 10. O-O O-O 11. Na4 c5 12. Qd3 Bb7 13. Bf3 Qc7 14. Bf4 e5
15. Bg5 Ne8 16. g4 f6 17. Bd2 Bc6 18. Nc3 Bxc3 19. bxc3 Rf7 20. Rfb1 Qa5 21.
Be2 Rb7 22. Rxb7 Bxb7 23. Rb1 Bc6 24. Rb2 Kf7 25. f4 g6 26. Be3 Qc7 27. f5 Rb8
{Nerozlusteno, cerny vyhral v 47.tahu} 0-1

[Event "12.PSF-B"]
[Site "Prague"]
[Date "2016.06.25"]
[Round "8.3"]
[White "Kosar, Milan"]
[Black "Novy, Filip"]
[Result "0-1"]
[WhiteElo "1668"]
[BlackElo "1966"]
[PlyCount "64"]
[EventDate "2016.06.25"]
[EventType "swiss"]
[EventRounds "9"]
[EventCountry "CZE"]

1. e4 c5 2. Nf3 e6 3. d4 cxd4 4. Nxd4 Nf6 5. Nc3 d6 6. g4 h6 7. f3 Nc6 8. Nxc6
bxc6 9. Be3 Be7 10. Qd2 Qc7 11. O-O-O Rb8 12. Bc4 Qb7 13. b3 Nd7 14. h4 Qb4 15.
Nb1 d5 16. Qxb4 Bxb4 17. exd5 cxd5 18. Be2 O-O 19. g5 Bc5 20. Bxc5 Nxc5 21.
gxh6 gxh6 22. Rhg1+ Kh7 23. c4 Ba6 24. Nc3 Rfc8 25. Kb2 dxc4 26. Ka3 cxb3 27.
Bxa6 Nxa6 28. Rd7 Rxc3 29. Rxf7+ Kh8 30. axb3 Rbxb3+ 31. Ka4 Rb4+ 32. Ka5 Ra3#
0-1

[Event "12.PSF-B"]
[Site "Prague"]
[Date "2016.06.25"]
[Round "8.4"]
[White "Ruzicka, Vaclav"]
[Black "Fiala, Jiri"]
[Result "1/2-1/2"]
[WhiteElo "1635"]
[BlackElo "1934"]
[PlyCount "26"]
[EventDate "2016.06.25"]
[EventType "swiss"]
[EventRounds "9"]
[EventCountry "CZE"]

1. d4 Nf6 2. c4 e6 3. g3 Bb4+ 4. Bd2 Qe7 5. Bg2 O-O 6. Nf3 Ne4 7. O-O Bxd2 8.
Nbxd2 Nxd2 9. Qxd2 d5 10. cxd5 exd5 11. Rac1 c6 12. Rfe1 Nd7 13. Qc3 Nf6
1/2-1/2

[Event "12.PSF-B"]
[Site "Prague"]
[Date "2016.06.25"]
[Round "8.5"]
[White "Rousek, Jan"]
[Black "Kucera, Josef"]
[Result "0-1"]
[WhiteElo "1421"]
[BlackElo "1739"]
[PlyCount "64"]
[EventDate "2016.06.25"]
[EventType "swiss"]
[EventRounds "9"]
[EventCountry "CZE"]

1. d4 g6 2. c4 Bg7 3. Nc3 d6 4. e4 Nf6 5. Nf3 O-O 6. Be2 c6 7. O-O Nbd7 8. b3
Qc7 9. Bb2 e5 10. d5 Nc5 11. Qc2 a5 12. Rac1 Nh5 13. Rfd1 f5 14. dxc6 bxc6 15.
Nh4 Nf4 16. exf5 g5 17. Nf3 Bxf5 18. Qd2 Nxe2+ 19. Qxe2 Bg4 20. Ne4 Nxe4 21.
Qxe4 Bxf3 22. gxf3 Rf4 23. Qd3 Bf8 24. Kh1 Qf7 25. Rc3 Be7 26. Bc1 e4 27. fxe4
Rxf2 28. a3 Qh5 29. h3 Raf8 30. Rc2 R2f3 31. Qd4 Rxh3+ 32. Kg1 Rh1+ 0-1

[Event "12.PSF-B"]
[Site "Prague"]
[Date "2016.06.25"]
[Round "8.6"]
[White "Rimovsky, Pavel"]
[Black "Krnak, Vladimir"]
[Result "1-0"]
[WhiteElo "1422"]
[BlackElo "1720"]
[PlyCount "115"]
[EventDate "2016.06.25"]
[EventType "swiss"]
[EventRounds "9"]
[EventCountry "CZE"]

1. Nf3 Nf6 2. g3 g6 3. Bg2 Bg7 4. d3 d6 5. O-O e5 6. Nbd2 O-O 7. c3 Nc6 8. e4
Re8 9. h3 a5 10. a4 h6 11. Qc2 Be6 12. Nc4 Kh8 13. Nh4 Ne7 14. f4 Bxc4 15. dxc4
exf4 16. gxf4 Nh5 17. Qf2 Rg8 18. Be3 c5 19. Rad1 Qc7 20. Bf3 Kh7 21. Kh2 Rad8
22. Bg4 Nf6 23. Bf3 Nd7 24. Rg1 Nb6 25. Be2 Nxa4 26. Bd3 f5 27. exf5 gxf5 28.
Qc2 Nb6 29. Bxf5+ Kh8 30. Be6 d5 31. Bxg8 Rxg8 32. Ng6+ Nxg6 33. Rxg6 Nxc4 34.
Bc1 Re8 35. Rxd5 Ne3 36. Bxe3 Rxe3 37. Rdd6 Kg8 38. Qg2 Qe7 39. Qd5+ Kh7 40.
Rxg7+ Qxg7 41. Qf5+ Kh8 42. Rd8+ Qg8 43. Rxg8+ Kxg8 44. Qg6+ Kf8 45. Qxh6+ Kf7
46. Qh5+ Kf6 47. Kg2 b6 48. Kf2 Re6 49. Qg5+ Kf7 50. h4 Rd6 51. f5 Rf6 52. h5
b5 53. Ke2 b4 54. cxb4 cxb4 55. Kd3 Rc6 56. Qg6+ Rxg6 57. fxg6+ Kg7 58. Kc4 {
Vzhledem ke kvalite partiaru bych presnost prubehu partie nesazel ...} 1-0

[Event "12.PSF-B"]
[Site "Prague"]
[Date "2016.06.25"]
[Round "8.7"]
[White "Korsinskij, Nikolas"]
[Black "Schoppe, Christian"]
[Result "0-1"]
[WhiteElo "1408"]
[BlackElo "1633"]
[PlyCount "68"]
[EventDate "2016.06.25"]
[EventType "swiss"]
[EventRounds "9"]
[EventCountry "CZE"]

1. e4 e5 2. Nf3 Nf6 3. Bc4 Bd6 4. Nc3 c6 5. d3 h6 6. Be3 O-O 7. Qd2 Ng4 8. h3
Nxe3 9. Qxe3 Bc7 10. g4 b5 11. Bb3 b4 12. Ne2 a5 13. h4 a4 14. Bc4 d5 15. exd5
cxd5 16. Bb5 Qd6 17. d4 exd4 18. Nfxd4 Bxg4 19. Rg1 Bxe2 20. Nxe2 Nc6 21. Bxc6
Qxc6 22. Qd4 f6 23. Qxb4 Rae8 24. Qd2 f5 25. O-O-O Re5 26. Nf4 Rfe8 27. Rg6 Qc4
28. Nxd5 Qxa2 29. Nf6+ Kf7 30. Qd7+ R8e7 31. Qc6 Qa1+ 32. Kd2 Re2+ 33. Kc3 Ba5+
34. Kc4 Qxd1 0-1

[Event "12.PSF-B"]
[Site "Prague"]
[Date "2016.06.25"]
[Round "8.8"]
[White "Zabehlicky, Jiri"]
[Black "Vitek, Jan"]
[Result "1/2-1/2"]
[WhiteElo "1497"]
[BlackElo "1775"]
[PlyCount "20"]
[EventDate "2016.06.25"]
[EventType "swiss"]
[EventRounds "9"]
[EventCountry "CZE"]

1. e4 e5 2. Nf3 Nc6 3. Bb5 a6 4. Bxc6 dxc6 5. O-O Bg4 6. h3 h5 7. d3 Qf6 8.
Nbd2 Ne7 9. Qe1 Ng6 10. Nh2 Bd7 1/2-1/2